Cyclisme : Tout les vainqueurs des courses WorldTour 2025 - Statistiques

Statistiques générales
  • Ce quiz a été pris 271 fois
    194 depuis la dernière actualisation
  • Le résultat moyen est 29 sur 36
Statistiques - réponses
Course Equipe Coureur % Correct
Tour des Emirats Arabes Unis UAE Team Emirates Tadej Pogacar
100%
Strade Bianche UAE Team Emirates Tadej Pogacar
100%
Tour Des Flandres UAE Team Emirates Tadej Pogacar
100%
Fleche Wallone UAE Team Emirates Tadej Pogacar
100%
Liège-Bastogne-Liège UAE Team Emirates Tadej Pogacar
100%
Criterium du Dauphiné UAE Team Emirates Tadej Pogacar
100%
Tour de France UAE Team Emirates Tadej Pogacar
100%
Tour de Lombardie UAE Team Emirates Tadej Pogacar
100%
Vuelta Espana Visma Lease a Bike Jonas Vingegaard
99%
Milan-San Remo Alpecin Deceuninck Mathieu Van Der Poel
97%
Grand Prix E3 Alpecin Deceuninck Mathieu Van Der Poel
97%
Paris-Roubaix Alpecin Deceuninck Mathieu Van Der Poel
97%
Giro d'Italia Visma Lease a Bike Simon Yates
97%
Tour du Pays Basque UAE Team Emirates Joao Almeida
94%
Tour de Romandie UAE Team Emirates Joao Almeida
94%
Tour de Suisse UAE Team Emirates Joao Almeida
94%
Tour de Catalogne Red Bull Bora Hansgrohe Primoz Roglic
92%
Grand Prix de Quebec Tudor Julian Alaphilippe
91%
Gand-Wevelgem Lidl-Trek Mads Pedersen
91%
Paris-Nice Visma Lease a Bike Matteo Jorgenson
89%
Renewi Tour Lotto Arnaud de Lie
85%
Bretagne Classic Lotto Arnaud de Lie
85%
Tirreno-Adriatico UAE Team Emirates Juan Ayuso
84%
Amstel Gold Race Lidl Trek Mattias Skjelmose
79%
Tour de Pologne UAE Team Emirates Brandon McNulty
73%
Grand Prix de Montréal UAE Team Emirates Brandon McNulty
73%
A Travers la Flandre EF Education Easypost Neilson Powless
73%
Tour Down Under UAE Team Emirates Jhonatan Narvaez
68%
Classica San Sebastian Lidl-Trek Giulio Ciccone
66%
Copenhagen Sprint Red Bull Bora Hansgrohe Jordi Meeus
56%
Eschborn-Francfort Jayco AlUla Michael Matthews
51%
Bruges-La Panne UAE Team Emirates Juan Sebastian Molano
47%
Het Nieuwsblad Uno-X Mobility Soren Waerenskjold
40%
Cadel Evans Ocean Road Race Jayco AlUla Mauro Schmid
32%
Hambourg Cyclassics Q36.5 Rory Townsend
24%
Tour de Guangxi Jayco AlUla Paul Double
17%
Aucun quiz correspondant
Distribution des résultats
% des personnes avec chaque résultat
Percentile par nombre de réponses
Votre historique - résultats
Vous n’avez pas pris ce quiz depuis la dernière actualisation